00544nam a22001577a 450000500170000000800410001703700120005804000080007024500170007826000550009530000140015031000150016450000690017965000230024827001150027120090302101459.0090302t xxu||||| |||| 00| 0 eng d bdpl/pub aDPL aGreen energy aPunebWorld Institute of Sustainable Energyc2008- av.c26 cm abi-monthly athe bi-monthly journal of textile technology, industry and trade aSustainable energy a49, Hindustan Estate, Road No. 2, Kalyani NagarbPunee390005k20-26613832/55mgreenenery@wisein.orgl26611438